Logo BPK

Biblioteka

Politechniki Koszalińskiej

Relaksacje magnetyczne w strukturalnie uporządkowanych i nieuporządkowanych stopach metali przejściowych / (Rekord nr 42167)

Szczegóły MARC
000 -ETYKIETA REKORDU
podpole kontrolne o stałej długości 01037nam a2200253 i 4500
001 - NUMER KONTROLNY REKORDU
pole kontrolne bg
020 ## - MIĘDZYNARODOWY ZNORMALIZOWANY NUMER KSIĄŻKI - ISBN
ISBN 8387745413
040 ## - ŹRÓDŁO KATALOGOWANIA
Instytucja, która utworzyła rekord BPK
041 0# - KOD JĘZYKA
Kod języka tekstu pl
Kod języka streszczenia lub abstraktu ruen
080 ## - UNIWERSALNA KLASYFIKACJA DZIESIĘTNA - UKD
UKD 537.6:669.017/.018
920 ## - Międzynarodowy znormalizowany numer książki – ISBN
ISBN 83-87745-41-3
008 - POLE O STAŁEJ DŁUGOŚCI - DANE KONTROLNE
podpole kontrolne o stałej długości s pl f |000 0 pol
100 1# - NAZWA OSOBOWA
Nazwa osobowa CIURZYŃSKA, Wanda
245 10 - TYTUŁ/ODPOWIEDZIALNOŚĆ
Tytuł Relaksacje magnetyczne w strukturalnie uporządkowanych i nieuporządkowanych stopach metali przejściowych /
Pozostałe elementy strefy tytułu i oznaczenia odpowiedzialności Wanda Ciurzyńska.
260 ## - STREFA ADRESU WYDAWNICZEGO
Miejsce wydania Częstochowa :
Nazwa wydawcy/dystrybutora Wydaw. WIPMiFS PC,
Data publikacji, dystrybucji/powstania dokumentu 2001.
300 ## - STREFA OPISU FIZYCZNEGO
Objętość 118 s. :
Inne cechy fizyczne il. ;
Rozmiary 24 cm.
490 1# - STREFA SERII I DOKUMENTU WIELOCZĘŚCIOWEGO - FORMA NIE DO WYSZUKIWANIA
Tytuł i oznaczenie odpowiedzialności serii Prace Naukowe Wydziału Inżynierii Procesowej, Materiałowej i Fizyki Stosowanej / Politechnika Częstochowska. Fizyka ;
Numeracja w obrębie serii nr 2
500 ## - UWAGI OGÓLNE
Tekst uwagi Na s. tyt. odmienny tyt. serii: Prace Naukowe. - Streszcz. ang., ros.
504 ## - UWAGA DOTYCZĄCA BIBLIOGRAFII
Informacje o bibliografii Bibliogr.
650 #9 - HASŁO PRZEDMIOTOWE W FORMIE NAZWY OGÓLNEJ LUB JEDNOSTKOWEJ
Nazwa ogólna lub geograficzna Magnetyzm
Określnik ogólny badanie
650 #9 - HASŁO PRZEDMIOTOWE W FORMIE NAZWY OGÓLNEJ LUB JEDNOSTKOWEJ
Nazwa ogólna lub geograficzna Stopy (metalurg.)
Określnik ogólny fizyka
-- badanie
830 #0 - HASŁO DODATKOWE SERII LUB DOKUMENTU WIELOCZĘŚCIOWEGO - TYTUŁ UJEDNOLICONY
Tytuł ujednolicony Prace Naukowe Wydziału Inżynierii Procesowej, Materiałowej i Fizyki Stosowanej (Politechnika Częstochowska).
Nazwa części/sekcji dzieła Fizyka
856 ## - LOKALIZACJA I DOSTĘP DO ELEKTRONICZNYCH DOKUMENTÓW ZDALNYCH
Link (URL) http://koha.tu.koszalin.pl/cgi-bin/koha/opac-detail.pl?biblionumber=42167
Tekst linku Katalog online BPK
942 ## - DODATKOWE ELEMENTY (KOHA)
Typ dokumentu Książka
Egzemplarze
Wycofany Status egzemplarza Uszkodzony Dostępność Lokalizacja stała Lokalizacja bieżąca Miejsce przechowywania Sygnatura Kod kreskowy Typ dokumentu
      Dostępny Biblioteka Politechniki Koszalińskiej Biblioteka Politechniki Koszalińskiej Wypożyczalnia BG 65922 01904840 Książka
© 2023 Biblioteka Politechniki Koszalińskiej :: KOHA